00660nam a2200229Ia 4500003000900000008004100009040001300050040001300063041000800076100001900084245002600103250002200129260002100151260000900172300001100181300001200192490001400204490000600218942000700224999001700231952018200248IT-RoPAU120407s9999 xx 000 0 und d aIT-RoPAU cIT-RoPAU aita aMichel Quesnel aLa storia dei Vangeli aCinisello Balsamo aEdizioni Paoline c1989 a128 p. c18,5 cm aI compact v1 cBK c25059d25059 00102ddc406208_49100000000000071aPAULUSbPAULUSd2012-04-11l0o208.491r2012-04-11 00:00:00w2012-04-11yBKzInserito da: In data: n.d. fondo: Via A.Severo 56 Progr:21958